[Event "Druga liga Srbije grupa Vojvodina 2013"]
[Site "Stari Banovci"]
[Date "2013.11.05"]
[Round "3.4"]
[White "Sekulic, Dusan"]
[Black "Indjic, Dusan"]
[Result "1-0"]
[WhiteElo "2298"]
[BlackElo "2291"]
[PlyCount "60"]
[EventDate "2013.11.04"]

1. d4 Nf6 2. c4 c5 3. d5 g6 4. Nc3 Bg7 5. e4 O-O 6. Nf3 d6 7. Be2 e6 8. Bf4
exd5 9. cxd5 b5 10. Nd2 b4 11. Nb5 Ba6 12. O-O Bxb5 13. Bxb5 Nh5 14. Be3 Bxb2
15. Rb1 Bg7 16. Nc4 Qe7 17. g4 Nf6 18. f3 Nbd7 19. Bf4 Ne8 20. Bg3 Ne5 21. Na5
f5 22. exf5 gxf5 23. gxf5 Nc7 24. Be2 Rxf5 25. f4 Ng6 26. Qc2 Raf8 27. Bd3 Rxf4
28. Bxf4 Nxf4 29. Bxh7+ Kh8 30. Be4 Ncxd5 $138 {dalje necitko...jos 17 poteza}
1-0

[Event "Druga liga Srbije grupa Vojvodina 2013"]
[Site "Stari Banovci"]
[Date "2013.11.05"]
[Round "3.4"]
[White "Kovacevic, Dragan"]
[Black "Vucinic, Gojko"]
[Result "0-1"]
[WhiteElo "2236"]
[BlackElo "2294"]
[PlyCount "78"]
[EventDate "2013.11.04"]

1. e4 c5 2. Nf3 d6 3. Bb5+ Nd7 4. O-O a6 5. Bxd7+ Bxd7 6. d4 cxd4 7. Qxd4 e5 8.
Qd3 h6 9. c4 b5 10. Nc3 Qb8 11. Nd2 Nf6 12. Qg3 g6 13. Nd5 Nxd5 14. cxd5 Bg7
15. Nb3 a5 16. Be3 O-O 17. f4 a4 18. Nd2 exf4 19. Bxf4 Qb6+ 20. Kh1 a3 21. Bxd6
axb2 22. Rae1 Rfe8 23. a3 Qd4 24. Bb4 Rac8 25. Nb3 Qc4 26. Nd2 Qc2 27. Qf3 f5
28. Qg3 fxe4 29. Qxg6 e3 30. Qf7+ Kh7 31. Nf3 e2 32. Rg1 Qf5 33. Qxf5+ Bxf5 34.
d6 Rcd8 35. h3 Bc2 36. Kh2 Bf8 37. Nd4 b1=Q 38. Rxb1 Bxb1 39. Rxb1 Bxd6+ 0-1

[Event "Druga liga Srbije grupa Vojvodina 2013"]
[Site "Stari Banovci"]
[Date "2013.11.05"]
[Round "3.4"]
[White "Stojanovic, Vlastimir"]
[Black "Kovacevic, Djordje"]
[Result "1-0"]
[WhiteElo "2205"]
[BlackElo "2104"]
[PlyCount "89"]
[EventDate "2013.11.04"]

1. e4 Nf6 2. Nc3 d5 3. exd5 Nxd5 4. Bc4 Be6 5. Qf3 c6 6. Nge2 Nc7 7. Bb3 Bd5 8.
Nxd5 Nxd5 9. d4 e6 10. O-O Qf6 11. Bxd5 cxd5 12. Qb3 Qe7 13. Nf4 Qb4 14. Qh3
Nc6 15. c3 Qd6 16. Nd3 Be7 17. Bf4 Qd7 18. Rfe1 b6 19. Qg4 Bf6 20. Be5 h5 21.
Qf3 Nxe5 22. Nxe5 Bxe5 23. Rxe5 g6 24. c4 O-O-O 25. cxd5 exd5 26. Rae1 Rhe8 27.
g3 Rxe5 28. Rxe5 Kb7 29. Qe2 Qc6 30. Re7+ Rd7 31. Re8 Qd6 32. a3 a6 33. b4 Qf6
34. Qe3 h4 35. Kg2 hxg3 36. hxg3 Rc7 37. Re5 Kc6 38. Qb3 Qd6 39. a4 Rd7 40. b5+
Kb7 41. bxa6+ Kxa6 42. Qb5+ Kb7 43. a5 Qc6 44. a6+ Kc7 45. Qb4 1-0

[Event "Druga liga Srbije grupa Vojvodina 2013"]
[Site "Stari Banovci"]
[Date "2013.11.05"]
[Round "3.4"]
[White "Skoko, Milan"]
[Black "Gajin, Nikola"]
[Result "1-0"]
[WhiteElo "2239"]
[BlackElo "2136"]
[PlyCount "103"]
[EventDate "2013.11.04"]

1. e4 c5 2. c3 d5 3. exd5 Qxd5 4. d4 Bf5 5. Na3 Nc6 6. dxc5 Qxd1+ 7. Kxd1 Nf6
8. Bb5 e6 9. b4 Ne4 10. Bxc6+ bxc6 11. Ke1 Nxc3 12. Nc4 Rd8 13. Bb2 Nd5 14. a3
Nf4 15. g3 Nd3+ 16. Ke2 Be4 17. f3 Bd5 18. Nd6+ Bxd6 19. Kxd3 Be5 20. Kc2 Bxb2
21. Kxb2 Bc4 22. Rc1 Bb5 23. Nh3 Ba4 24. Kc3 Rd5 25. Nf2 f5 26. Nd3 Kf7 27.
Rhe1 g5 28. Re5 Rhd8 29. Rxd5 Rxd5 30. Re1 Kf6 31. f4 h6 32. h4 g4 33. Ne5 h5
34. Re2 Ke7 35. Rd2 Bb5 36. Rf2 Ba4 37. Rf1 Kf6 38. Re1 Rd8 39. Re3 Rd5 40. Rd3
Ke7 41. Rd2 Kf6 42. Rxd5 exd5 43. Nd3 Ke6 44. Nb2 Bb5 45. a4 Bf1 46. Nd1 Be2
47. Ne3 Ba6 48. Ng2 d4+ 49. Kxd4 Bf1 50. Ne3 Be2 51. Nc4 Bf1 52. b5 1-0

[Event "Druga liga Srbije grupa Vojvodina 2013"]
[Site "Stari Banovci"]
[Date "2013.11.05"]
[Round "3.5"]
[White "Bulajic, Ratko"]
[Black "Robulj, Nenad"]
[Result "1/2-1/2"]
[WhiteElo "2284"]
[BlackElo "2322"]
[PlyCount "22"]
[EventDate "2013.11.04"]

1. d4 e6 2. c4 d5 3. Nc3 c6 4. Nf3 dxc4 5. g3 Nf6 6. Bg2 Nbd7 7. a4 Bb4 8. O-O
O-O 9. Qc2 c5 10. Na2 Ba5 11. dxc5 Nxc5 1/2-1/2

[Event "Druga liga Srbije grupa Vojvodina 2013"]
[Site "Stari Banovci"]
[Date "2013.11.05"]
[Round "3.5"]
[White "Joksimovic, Dragoljub"]
[Black "Dekic, Josip"]
[Result "0-1"]
[WhiteElo "2164"]
[BlackElo "2276"]
[PlyCount "86"]
[EventDate "2013.11.04"]

1. c4 c6 2. Nc3 d5 3. d4 Nf6 4. Nf3 g6 5. h3 Bg7 6. Bf4 dxc4 7. e4 b5 8. a3 O-O
9. Be2 a6 10. O-O Nbd7 11. Qc2 c5 12. Rad1 cxd4 13. Nxd4 e5 14. Nc6 Qe8 15. Be3
Bb7 16. Na5 Qc8 17. Nxb7 Qxb7 18. Rd2 Rac8 19. Rfd1 Nc5 20. f3 Rfe8 21. Nd5
Nxd5 22. Rxd5 Ne6 23. Bf1 Nd4 24. Qf2 Rcd8 25. Rxd8 Rxd8 26. h4 h5 27. Re1 Kh7
28. Bg5 f6 29. Be3 Bh6 30. Bxh6 Kxh6 31. g4 Ne6 32. Qg3 Qc7 33. Bh3 Nf4 34. g5+
fxg5 35. Qxg5+ Kh7 36. Bf1 Rd2 37. Kh1 Qd8 38. Qxd8 Rxd8 39. a4 Rd2 40. Rb1 Ne6
41. Kg1 Nd4 42. Bg2 b4 43. Bf1 c3 0-1

[Event "Druga liga Srbije grupa Vojvodina 2013"]
[Site "Stari Banovci"]
[Date "2013.11.05"]
[Round "3.5"]
[White "Tokovic, Svetozar"]
[Black "Mitrovic, Zivadin"]
[Result "1-0"]
[WhiteElo "2237"]
[BlackElo "2187"]
[PlyCount "93"]
[EventDate "2013.11.04"]

1. e4 e6 2. d3 d5 3. Nd2 dxe4 4. dxe4 Nf6 5. Ngf3 Bc5 6. Bb5+ Bd7 7. Qe2 Nc6 8.
O-O a6 9. Bc4 e5 10. Bxf7+ Kxf7 11. Qc4+ Kf8 12. Qxc5+ Qe7 13. Qc3 Rd8 14. Re1
Bg4 15. h3 Bxf3 16. Nxf3 h6 17. Nh4 Qf7 18. b3 g5 19. Ba3+ Kg7 20. Nf5+ Kg6 21.
f3 Rd7 22. Rad1 Rhd8 23. Rxd7 Qxd7 24. Bc1 Nh5 25. Kh2 Ng7 26. Nxg7 Qxg7 27.
Be3 Qe7 28. Re2 Qa3 29. Qc4 Kf6 30. g3 Qe7 31. f4 Kg7 32. Rf2 Rf8 33. Bc5 Qf7
34. Bxf8+ Qxf8 35. f5 Qf6 36. Rd2 Qe7 37. c3 h5 38. Qd5 g4 39. Rf2 Kf6 40. Qd2
Qg7 41. h4 Qh7 42. Qg5+ Kf7 43. Rd2 Ke8 44. Qf6 a5 45. Qe6+ Qe7 46. Qc8+ Nd8
47. f6 1-0

[Event "Druga liga Srbije grupa Vojvodina 2013"]
[Site "Stari Banovci"]
[Date "2013.11.05"]
[Round "3.5"]
[White "Vlajkovic, Goran"]
[Black "Ivanovic, Miroslav"]
[Result "0-1"]
[WhiteElo "2173"]
[BlackElo "2069"]
[PlyCount "78"]
[EventDate "2013.11.04"]

1. d4 Nf6 2. c4 e6 3. Nc3 Bb4 4. e3 O-O 5. Nge2 d5 6. a3 Bd6 7. c5 Be7 8. Nf4
a5 9. Be2 b6 10. cxb6 c5 11. dxc5 Bxc5 12. Na4 Bd6 13. O-O Nbd7 14. Qb3 Bb7 15.
Bd3 e5 16. Nh3 Nc5 17. Nxc5 Bxc5 18. Bd2 Bxb6 19. Bc3 a4 20. Qc2 d4 21. exd4
Qd5 22. f3 exd4 23. Bb4 Rfc8 24. Qd2 Ba6 25. Nf2 Qb3 26. Rac1 Bxd3 27. Nxd3 Nd5
28. Nc5 Qe3+ 29. Qxe3 dxe3 30. g3 f5 31. Rfd1 Nxb4 32. axb4 a3 33. b3 a2 34.
Kf1 Bd8 35. Ke2 Bf6 36. Ra1 Rcb8 37. Nd3 Ra3 38. Kxe3 Bxa1 39. Rxa1 Rxb3 0-1

[Event "Druga liga Srbije grupa Vojvodina 2013"]
[Site "Stari Banovci"]
[Date "2013.11.05"]
[Round "3.5"]
[White "Roganovic, Nebojsa"]
[Black "Besedes, Danilo"]
[Result "1-0"]
[WhiteElo "2222"]
[BlackElo "1974"]
[PlyCount "95"]
[EventDate "2013.11.04"]

1. e4 e5 2. Nf3 Nc6 3. Bc4 Bc5 4. d3 Nf6 5. O-O d6 6. c3 Bb6 7. Bb3 h6 8. Nbd2
Ne7 9. d4 Ng6 10. Nc4 Qe7 11. Ba4+ Nd7 12. dxe5 dxe5 13. Qd5 c6 14. Nd6+ Kf8
15. Qd1 Nc5 16. Bc2 Bg4 17. Nf5 Qf6 18. h3 Rd8 19. Qe2 Bxf3 20. Qxf3 Kg8 21.
Nxh6+ Kf8 22. Qxf6 gxf6 23. Nf5 Ne6 24. Bh6+ Ke8 25. g3 Ne7 26. Ng7+ Nxg7 27.
Bxg7 Rxh3 28. Kg2 Rh7 29. Bxf6 Rd2 30. Rac1 Ng6 31. Bg5 Rd7 32. Rcd1 Nf8 33.
Bb3 Rxd1 34. Rxd1 Nd7 35. Kf3 Bc7 36. Be3 a6 37. Kg2 Ke7 38. Rh1 Rxh1 39. Kxh1
Bd6 40. Kg2 Nc5 41. Bc2 b5 42. b4 Nb7 43. f4 a5 44. bxa5 Nxa5 45. Bb3 Nb7 46.
Kf3 c5 47. Bd5 exf4 48. gxf4 1-0

[Event "Druga liga Srbije grupa Vojvodina 2013"]
[Site "Stari Banovci"]
[Date "2013.11.05"]
[Round "3.6"]
[White "Bodiroga, Predrag"]
[Black "Marholev, Dimitar"]
[Result "1-0"]
[WhiteElo "2389"]
[BlackElo "2303"]
[PlyCount "63"]
[EventDate "2013.11.04"]

1. d4 g6 2. c4 Bg7 3. e4 d6 4. Nc3 Nf6 5. Nf3 O-O 6. h3 Na6 7. Be3 c5 8. d5 e6
9. Bd3 exd5 10. exd5 Nc7 11. a4 Na6 12. Rc1 Nb4 13. Bb1 a6 14. O-O Bd7 15. Qd2
b5 16. b3 bxc4 17. bxc4 Qa5 18. Bg5 Bxa4 19. Qf4 Nd7 20. Qxd6 Bxc3 21. Rxc3
Nxd5 22. Ra3 Qb4 23. Rxa4 Qxa4 24. Qxd5 Rac8 25. Be4 Nb6 26. Qd6 Nxc4 27. Qf6
Nd6 28. Bh6 Ne8 29. Qe5 c4 30. Bxf8 Kxf8 31. Qh8+ Ke7 32. Re1 1-0

[Event "Druga liga Srbije grupa Vojvodina 2013"]
[Site "Stari Banovci"]
[Date "2013.11.05"]
[Round "3.6"]
[White "Dragojlovic, Andjelko"]
[Black "Levnajic, Pavle"]
[Result "1-0"]
[WhiteElo "2337"]
[BlackElo "2251"]
[PlyCount "75"]
[EventDate "2013.11.04"]

1. e4 c6 2. d4 d5 3. Nd2 Qb6 4. Ngf3 Bg4 5. c3 e6 6. Bd3 Nf6 7. O-O Be7 8. Re1
Bh5 9. exd5 cxd5 10. Qa4+ Nc6 11. Ne5 O-O 12. Ndf3 Rac8 13. h3 Rfd8 14. Ng5 h6
15. Ngf3 Bxf3 16. Nxf3 Bd6 17. Qd1 Qc7 18. Qe2 Nd7 19. Be3 a6 20. Rad1 Na5 21.
Bb1 Nc4 22. Qc2 Nf8 23. Bc1 b5 24. Qe2 Qb7 25. Ne5 Bxe5 26. dxe5 Ng6 27. Qh5
Qe7 28. Bxg6 fxg6 29. Qxg6 Qf7 30. Qg3 Qh5 31. Rd4 Kh7 32. Rh4 Qf5 33. b3 Nb6
34. Bxh6 gxh6 35. Qe3 Qg6 36. Qxb6 Rg8 37. Rg4 Qf5 38. Qb7+ 1-0

[Event "Druga liga Srbije grupa Vojvodina 2013"]
[Site "Stari Banovci"]
[Date "2013.11.05"]
[Round "3.6"]
[White "Remecki, Sinisa"]
[Black "Petkovic, Radosav"]
[Result "0-1"]
[WhiteElo "2232"]
[BlackElo "2264"]
[PlyCount "88"]
[EventDate "2013.11.04"]

1. d4 Nf6 2. Nc3 d5 3. Bg5 e6 4. e4 Be7 5. e5 Nfd7 6. h4 c5 7. Bxe7 Kxe7 8. Qg4
Kf8 9. dxc5 Nxe5 10. Qg3 Nbc6 11. O-O-O Qa5 12. Bb5 f6 13. Nge2 a6 14. Bxc6
bxc6 15. h5 Qxc5 16. h6 g6 17. Nd4 Nf7 18. Qc7 Qd6 19. Qxc6 Qxc6 20. Nxc6 Bd7
21. Nb4 Ne5 22. Nd3 Nxd3+ 23. Rxd3 Bc6 24. Ne2 Bb5 25. Rd2 Kf7 26. Nd4 Bd7 27.
Nb3 Rac8 28. Kd1 Rc4 29. Rd4 Rxd4+ 30. Nxd4 e5 31. Nb3 Rc8 32. c3 g5 33. Ke2
Be6 34. Kd2 Kg6 35. Na5 d4 36. cxd4 Rd8 37. a3 Rxd4+ 38. Kc3 Rf4 39. f3 g4 40.
fxg4 Rxg4 41. Nb7 Rg3+ 42. Kc2 Rxg2+ 43. Kc3 Rg3+ 44. Kc2 Bd5 0-1

[Event "Druga liga Srbije grupa Vojvodina 2013"]
[Site "Stari Banovci"]
[Date "2013.11.05"]
[Round "3.6"]
[White "Kokeza, Mirko"]
[Black "Onjin, Branko"]
[Result "1-0"]
[WhiteElo "2280"]
[BlackElo "1987"]
[PlyCount "53"]
[EventDate "2013.11.04"]

1. d4 Nf6 2. c4 e6 3. Nc3 d5 4. Nf3 Be7 5. e3 O-O 6. Qb3 c6 7. a4 Na6 8. cxd5
Nxd5 9. e4 Ndb4 10. Bc4 h6 11. O-O Qa5 12. Bd2 Qc7 13. Ne2 c5 14. Bf4 Qb6 15.
a5 Qc6 16. d5 Qd7 17. Rfd1 b5 18. axb6 axb6 19. Nc3 Qb7 20. Ne5 Rd8 21. d6 Bxd6
22. Bb5 g5 23. Bg3 Bxe5 24. Bxe5 Bd7 25. Qc4 Bxb5 26. Nxb5 Rac8 27. Qe2 1-0

[Event "Druga liga Srbije grupa Vojvodina 2013"]
[Site "Stari Banovci"]
[Date "2013.11.05"]
[Round "3.6"]
[White "Jacimovic, Zoran"]
[Black "Jovic, Stevan"]
[Result "0-1"]
[WhiteElo "2169"]
[BlackElo "2244"]
[PlyCount "68"]
[EventDate "2013.11.04"]

1. e4 c6 2. d4 d5 3. e5 Bf5 4. Nf3 e6 5. Be2 Nd7 6. O-O Ne7 7. b3 c5 8. Bb2 Nc6
9. c4 dxc4 10. Bxc4 cxd4 11. Nxd4 Nxd4 12. Bxd4 Be7 13. Nc3 a6 14. a4 O-O 15.
Qf3 Nb6 16. Ne2 Nxc4 17. bxc4 Qc7 18. c5 Rfd8 19. Rfc1 Rd5 20. Qe3 Rad8 21. c6
Qc8 22. c7 R8d7 23. Qc3 Bc5 24. Bxc5 Rxc7 25. Qe3 Rdxc5 26. Rxc5 Rxc5 27. h3 h6
28. f4 Rc2 29. Nd4 Rc3 30. Nxf5 exf5 31. Qd4 b5 32. axb5 axb5 33. Qd5 Rc1+ 34.
Rxc1 Qxc1+ 0-1

[Event "Druga liga Srbije grupa Vojvodina 2013"]
[Site "Stari Banovci"]
[Date "2013.11.05"]
[Round "3.6"]
[White "Dokic, Zoran"]
[Black "Zarin, David"]
[Result "1/2-1/2"]
[WhiteElo "2179"]
[BlackElo "1916"]
[PlyCount "66"]
[EventDate "2013.11.04"]

1. g3 e5 2. Bg2 Nc6 3. c4 f5 4. Nc3 Nf6 5. d3 Bb4 6. e3 O-O 7. Nge2 d5 8. cxd5
Nxd5 9. O-O Be6 10. a3 Bxc3 11. bxc3 Nb6 12. Qc2 Bd5 13. c4 Bxg2 14. Kxg2 Kh8
15. Bb2 Qe7 16. Rae1 Rae8 17. f4 e4 18. d4 Qf7 19. Rc1 Na5 20. Nc3 Naxc4 21.
Nd1 Rc8 22. Rf2 c5 23. dxc5 Rxc5 24. Qb3 Rfc8 25. Kg1 Nd6 26. Qxf7 Nxf7 27.
Rxc5 Rxc5 28. Rd2 Kg8 29. Bd4 Rc6 30. Nb2 Nd6 31. Be5 Nf7 32. Bd4 Nd6 33. Be5
Nf7 1/2-1/2

[Event "Druga liga Srbije grupa Vojvodina 2013"]
[Site "Stari Banovci"]
[Date "2013.11.05"]
[Round "3.1"]
[White "Runic, Zoran"]
[Black "Sertic, Rudolf"]
[Result "1-0"]
[WhiteElo "2424"]
[BlackElo "2358"]
[PlyCount "122"]
[EventDate "2013.11.04"]

1. e4 e5 2. Nf3 Nf6 3. d3 Nc6 4. Be2 d5 5. Nbd2 Be7 6. O-O O-O 7. c3 Re8 8. b4
a6 9. a3 Bf8 10. Re1 h6 11. Qc2 Bg4 12. Nf1 Qd7 13. Bb2 Rad8 14. Rad1 d4 15. c4
a5 16. b5 Na7 17. h3 Bxf3 18. Bxf3 c6 19. a4 Bb4 20. Re2 cxb5 21. axb5 Rc8 22.
Qb1 h5 23. Bc1 g6 24. Kh2 b6 25. Ra2 Rc7 26. Be2 Nc8 27. Nd2 Nd6 28. Nf3 Nb7
29. Rf1 Bf8 30. g3 Nc5 31. Nh4 Nh7 32. f4 exf4 33. gxf4 Bd6 34. Bf3 Qd8 35. Ng2
Ng5 36. Ne1 Nce6 37. e5 Nxf4 38. Bxf4 Bxe5 39. Bxe5 Rxe5 40. Bg2 Qd6 41. Kh1
Re3 42. Nf3 Ne6 43. Raf2 Nc5 44. Ng5 f5 45. Bd5+ Kg7 46. Rf3 Re2 47. R1f2 Rce7
48. Qg1 Nb3 49. Rxf5 Rxf2 50. Rxf2 a4 51. Qf1 a3 52. h4 a2 53. Rf8 Qxd5+ 54.
cxd5 a1=Q 55. Qxa1 Nxa1 56. Rd8 Nb3 57. d6 Re1+ 58. Kg2 Nc5 59. d7 Nxd7 60.
Rxd7+ Kf8 61. Rxd4 Re5 1-0

[Event "Druga liga Srbije grupa Vojvodina 2013"]
[Site "Stari Banovci"]
[Date "2013.11.05"]
[Round "3.1"]
[White "Vujadinovic, Goran"]
[Black "Radusinovic, Lazar"]
[Result "0-1"]
[WhiteElo "2364"]
[BlackElo "2281"]
[PlyCount "46"]
[EventDate "2013.11.04"]

1. Nf3 d5 2. g3 g6 3. Bg2 Bg7 4. O-O Nf6 5. d3 O-O 6. Nbd2 Nc6 7. c3 e5 8. Qc2
h6 9. Re1 a5 10. e4 a4 11. Rb1 Re8 12. b4 axb3 13. axb3 Be6 14. b4 b5 15. exd5
Nxd5 16. Ne4 Bf5 17. Nc5 Nxc3 18. Nh4 e4 19. Nxf5 gxf5 20. Bxh6 Nd4 21. Qd2 Ra2
22. Qe3 f4 23. Bxf4 Nc2 0-1

[Event "Druga liga Srbije grupa Vojvodina 2013"]
[Site "Stari Banovci"]
[Date "2013.11.05"]
[Round "3.1"]
[White "Elez, Nikola"]
[Black "Kolognat, Petar"]
[Result "1/2-1/2"]
[WhiteElo "2217"]
[BlackElo "2293"]
[PlyCount "41"]
[EventDate "2013.11.04"]

1. e4 e5 2. Nf3 Nf6 3. Nc3 Nc6 4. g3 d5 5. exd5 Nxd5 6. Bg2 Nxc3 7. bxc3 Bc5 8.
O-O O-O 9. Re1 Bg4 10. h3 Bh5 11. Rb1 Bb6 12. g4 Bg6 13. Nxe5 Nxe5 14. Rxe5
Bxf2+ 15. Kxf2 Qf6+ 16. Rf5 Bxf5 17. gxf5 Qxf5+ 18. Kg1 Rab8 19. d4 Rfe8 20.
Rxb7 Rxb7 21. Bxb7 1/2-1/2

[Event "Druga liga Srbije grupa Vojvodina 2013"]
[Site "Stari Banovci"]
[Date "2013.11.05"]
[Round "3.1"]
[White "Mastrapovic, Vladimir"]
[Black "Zobenica, Ivan"]
[Result "0-1"]
[WhiteElo "2280"]
[BlackElo "2064"]
[PlyCount "78"]
[EventDate "2013.11.04"]

1. e4 c5 2. Nf3 e6 3. d4 cxd4 4. Nxd4 Nf6 5. Nc3 d6 6. Be3 a6 7. Qd2 Be7 8. f3
b5 9. g4 Bb7 10. O-O-O Nfd7 11. Qg2 Nb6 12. Kb1 N8d7 13. g5 Rc8 14. Nce2 Nc4
15. Bc1 Qa5 16. Nf4 Nc5 17. Nb3 Qb6 18. Rg1 Na4 19. Re1 a5 20. Bd3 Nc5 21. Bd2
a4 22. Bxc4 bxc4 23. Nxc5 Rxc5 24. c3 Rxg5 25. Qh1 a3 26. Bc1 Rxg1 27. Rxg1 Bf6
28. Ka1 Ke7 29. Qg2 Ra8 30. Ne2 axb2+ 31. Bxb2 Qa5 32. a3 Qc5 33. Ka2 Bc6 34.
Nd4 Ba4 35. f4 Rb8 36. Qf2 Qb6 37. Re1 Bxd4 38. cxd4 Qb3+ 39. Ka1 c3 0-1

[Event "Druga liga Srbije grupa Vojvodina 2013"]
[Site "Stari Banovci"]
[Date "2013.11.05"]
[Round "3.1"]
[White "Cecaric, Milan"]
[Black "Bogic, Stevan"]
[Result "1/2-1/2"]
[WhiteElo "1979"]
[BlackElo "2195"]
[PlyCount "49"]
[EventDate "2013.11.04"]

1. e4 e6 2. Nf3 c5 3. Nc3 Nc6 4. b3 g6 5. Bb2 Bg7 6. Bb5 Nge7 7. O-O O-O 8. Qc1
d6 9. h3 a6 10. Bxc6 bxc6 11. d3 e5 12. Qg5 f6 13. Qe3 f5 14. Nh2 f4 15. Qf3
Be6 16. Rad1 Qe8 17. Na4 g5 18. c3 h5 19. Qe2 Qg6 20. f3 Ra7 21. d4 cxd4 22.
cxd4 exd4 23. Bxd4 Bxd4+ 24. Rxd4 Nc8 25. Rc1 1/2-1/2

[Event "Druga liga Srbije grupa Vojvodina 2013"]
[Site "Stari Banovci"]
[Date "2013.11.05"]
[Round "3.1"]
[White "Markovic, Dragan M"]
[Black "Gavric, Zivojin"]
[Result "0-1"]
[WhiteElo "2022"]
[BlackElo "2124"]
[PlyCount "74"]
[EventDate "2013.11.04"]

1. d4 d5 2. Nf3 c6 3. Bf4 Bf5 4. Nbd2 e6 5. e3 Bd6 6. Bxd6 Qxd6 7. Nh4 Bg6 8.
f4 Nf6 9. Nxg6 hxg6 10. Bd3 c5 11. c3 Nc6 12. a3 c4 13. Be2 b5 14. Bf3 Ne7 15.
g3 a5 16. Qe2 Rb8 17. e4 dxe4 18. Bxe4 Nxe4 19. Nxe4 Qd5 20. O-O a4 21. Rae1
Nf5 22. Qf2 Rd8 23. Re2 Nh6 24. Qe1 Qh5 25. Rff2 Ng4 26. Rg2 Rd5 27. Ng5 O-O
28. Rxe6 Rxg5 29. Re8 Rd5 30. h4 Qf5 31. Re4 Rdd8 32. Rge2 Rb8 33. Qd2 Nf6 34.
Re5 Qh3 35. Qe1 Nh5 36. Rg5 f6 37. Rxg6 Qf5 0-1

[Event "Druga liga Srbije grupa Vojvodina 2013"]
[Site "Stari Banovci"]
[Date "2013.11.05"]
[Round "3.2"]
[White "Galyas, Miklos"]
[Black "Mujagic, Ramo"]
[Result "1-0"]
[WhiteElo "2435"]
[BlackElo "2285"]
[PlyCount "87"]
[EventDate "2013.11.04"]

1. d4 Nf6 2. c4 e6 3. Nc3 d5 4. cxd5 exd5 5. Bg5 Be7 6. e3 c6 7. Bd3 Nbd7 8.
Nge2 Nf8 9. O-O Ng6 10. Qc2 O-O 11. Rab1 Re8 12. b4 a6 13. a4 Be6 14. b5 a5 15.
bxc6 bxc6 16. Ng3 Qd6 17. Nce2 Nd7 18. Bxg6 Bxg5 19. Bxh7+ Kh8 20. Bd3 Nf8 21.
Rb7 Re7 22. Rxe7 Bxe7 23. Nf4 Rb8 24. Bf5 c5 25. dxc5 Qxc5 26. Qd1 Kg8 27. Nxe6
fxe6 28. Bd3 Rb4 29. Bb5 Rh4 30. Ne2 Bd6 31. g3 Rb4 32. Nd4 Bc7 33. Qd2 Qb6 34.
Rc1 Qd6 35. Nc6 Rg4 36. Nxa5 d4 37. Nc4 Qc5 38. Qd1 Qg5 39. exd4 Bf4 40. Rc3
Rh4 41. Ne3 Rh6 42. Rc5 e5 43. Ng2 Qf6 44. dxe5 1-0

[Event "Druga liga Srbije grupa Vojvodina 2013"]
[Site "Stari Banovci"]
[Date "2013.11.05"]
[Round "3.2"]
[White "Grujic, Zoran"]
[Black "Vlahovic, Bogdan"]
[Result "1/2-1/2"]
[WhiteElo "2322"]
[BlackElo "2329"]
[PlyCount "34"]
[EventDate "2013.11.04"]

1. Nf3 e6 2. g3 b6 3. Bg2 Bb7 4. c4 f5 5. Nc3 Nf6 6. O-O Bb4 7. Qc2 O-O 8. a3
Bxc3 9. Qxc3 Qe7 10. b4 d6 11. d4 Nbd7 12. Bd2 Ne4 13. Qc2 c5 14. Rfd1 Ndf6 15.
dxc5 bxc5 16. b5 Ng4 17. Rf1 Rfd8 1/2-1/2

[Event "Druga liga Srbije grupa Vojvodina 2013"]
[Site "Stari Banovci"]
[Date "2013.11.05"]
[Round "3.2"]
[White "Mijatovic, Dejan"]
[Black "Cabarkapa, Velibor"]
[Result "0-1"]
[WhiteElo "2273"]
[BlackElo "2289"]
[PlyCount "68"]
[EventDate "2013.11.04"]

1. d4 Nf6 2. c4 a6 3. Nc3 c5 4. e3 e6 5. Nf3 d5 6. Bd3 Be7 7. O-O dxc4 8. Bxc4
b5 9. Bd3 Nbd7 10. Qe2 Bb7 11. Ne5 Qb6 12. Nxd7 Nxd7 13. dxc5 Nxc5 14. e4 Qc6
15. f3 b4 16. Nd1 Nxd3 17. Qxd3 a5 18. Re1 Ba6 19. Qb1 O-O 20. Be3 Rfd8 21. Nf2
Rac8 22. Rc1 Qb5 23. Rxc8 Rxc8 24. Qd1 Bf6 25. Rb1 a4 26. f4 Rd8 27. Qe1 h6 28.
e5 Be7 29. Rd1 Rc8 30. Rc1 Rxc1 31. Qxc1 Qd5 32. Qc7 Bb7 33. Kf1 Qxg2+ 34. Ke2
Bh4 0-1

[Event "Druga liga Srbije grupa Vojvodina 2013"]
[Site "Stari Banovci"]
[Date "2013.11.05"]
[Round "3.2"]
[White "Krejic, Igor"]
[Black "Lalic, Dragan"]
[Result "1/2-1/2"]
[WhiteElo "2216"]
[BlackElo "2266"]
[PlyCount "33"]
[EventDate "2013.11.04"]

1. e4 d6 2. d4 Nf6 3. Nc3 g6 4. Nf3 Bg7 5. Be2 O-O 6. O-O Bg4 7. Be3 Nc6 8. Qd2
e5 9. d5 Ne7 10. Ne1 Bd7 11. Nd3 c6 12. f4 cxd5 13. fxe5 Nxe4 14. Nxe4 dxe4 15.
exd6 exd3 16. dxe7 Qxe7 17. Bxd3 1/2-1/2

[Event "Druga liga Srbije grupa Vojvodina 2013"]
[Site "Stari Banovci"]
[Date "2013.11.05"]
[Round "3.2"]
[White "Sevo, Dusan"]
[Black "Dimitrijevic, Nenad"]
[Result "1-0"]
[WhiteElo "2238"]
[BlackElo "2197"]
[PlyCount "113"]
[EventDate "2013.11.04"]

1. g3 Nf6 2. Bg2 g6 3. c4 Bg7 4. Nc3 O-O 5. e3 e5 6. Nge2 d6 7. O-O c6 8. d4
Re8 9. h3 h5 10. d5 e4 11. dxc6 bxc6 12. b3 d5 13. Qc2 dxc4 14. Rd1 cxb3 15.
axb3 Qe7 16. Ra4 Bf5 17. Nd4 Bd7 18. Nde2 Bf5 19. Ba3 Qb7 20. Nd4 Nbd7 21. Nce2
Nb6 22. Nxf5 gxf5 23. Ra5 Nbd5 24. Nd4 Reb8 25. Bc5 Qc8 26. Bxa7 Rb7 27. Bc5 h4
28. Bd6 Qd8 29. Qc5 hxg3 30. Bxg3 Bf8 31. Nxc6 Bxc5 32. Nxd8 Rxd8 33. Rxc5 Rxb3
34. Bf1 Re8 35. Rdxd5 Nxd5 36. Rxd5 Kg7 37. Rxf5 Kg6 38. Rc5 Rb1 39. Kg2 Ra8
40. Be2 Raa1 41. Bh5+ Kh7 42. Bh2 f6 43. Bg4 Re1 44. Rd5 Kg7 45. h4 Ra2 46. h5
Rxe3 47. Rd7+ Kh8 48. Bf4 Rc3 49. Bg3 Re3 50. Kh3 Re1 51. Bf5 Ra5 52. Kg4 Re5
53. Bg6 Kg8 54. Bh4 Re6 55. Kf4 Rb6 56. h6 Rb8 57. Bxe4 1-0

[Event "Druga liga Srbije grupa Vojvodina 2013"]
[Site "Stari Banovci"]
[Date "2013.11.05"]
[Round "3.2"]
[White "Banovic, Ivan"]
[Black "Popov, Stevan"]
[Result "1/2-1/2"]
[WhiteElo "2170"]
[BlackElo "2188"]
[PlyCount "51"]
[EventDate "2013.11.04"]

1. d4 Nf6 2. c4 e6 3. Nc3 d5 4. Nf3 c6 5. cxd5 exd5 6. Bg5 Be7 7. Qc2 O-O 8. e3
Nbd7 9. Bd3 Re8 10. O-O Nf8 11. Rab1 g6 12. b4 a6 13. a4 Ne6 14. Bh4 Nh5 15.
Bxe7 Rxe7 16. Rfc1 Rc7 17. Qb3 Nf6 18. a5 Ne8 19. Na4 Re7 20. Qc3 Nd6 21. Re1
Nb5 22. Bxb5 axb5 23. Nb6 Rb8 24. Ra1 Nc7 25. Nd2 Ne8 26. e4 1/2-1/2

[Event "Druga liga Srbije grupa Vojvodina 2013"]
[Site "Stari Banovci"]
[Date "2013.11.05"]
[Round "3.3"]
[White "Stojanovic, Dalibor"]
[Black "Cabarkapa, Novak"]
[Result "1/2-1/2"]
[WhiteElo "2508"]
[BlackElo "2402"]
[PlyCount "76"]
[EventDate "2013.11.04"]

1. e4 e6 2. d4 d5 3. Nd2 c5 4. exd5 Qxd5 5. dxc5 Bxc5 6. Ngf3 Nf6 7. Bc4 Qc6 8.
Qe2 O-O 9. O-O Nbd7 10. Nb3 b6 11. Nxc5 Nxc5 12. Ne5 Qe4 13. f3 Qxe2 14. Bxe2
Ncd7 15. Nxd7 Bxd7 16. Rd1 Rfd8 17. c4 Ba4 18. Rxd8+ Rxd8 19. b3 Bc6 20. Bg5 h6
21. Bxf6 gxf6 22. Rd1 Rxd1+ 23. Bxd1 f5 24. Kf2 f4 25. g3 fxg3+ 26. hxg3 Kf8
27. Ke3 Ke7 28. b4 Kd6 29. Kf4 a5 30. a3 axb4 31. axb4 f6 32. Bc2 Be8 33. Ke3
Bf7 34. f4 e5 35. fxe5+ fxe5 36. Bd3 Bh5 37. Ke4 Bg6+ 38. Ke3 Bh5 1/2-1/2

[Event "Druga liga Srbije grupa Vojvodina 2013"]
[Site "Stari Banovci"]
[Date "2013.11.05"]
[Round "3.3"]
[White "Varga, Zoltan"]
[Black "Ratkovic, Milovan"]
[Result "1/2-1/2"]
[WhiteElo "2441"]
[BlackElo "2267"]
[PlyCount "47"]
[EventDate "2013.11.04"]

1. e4 c6 2. c4 d5 3. cxd5 cxd5 4. exd5 Nf6 5. Qa4+ Nbd7 6. Nc3 g6 7. Nf3 Bg7 8.
Bc4 O-O 9. d3 a6 10. Qa3 Qc7 11. h3 Ne5 12. Nxe5 Qxe5+ 13. Be3 b5 14. Bb3 Bb7
15. d4 Qc7 16. O-O Qd7 17. Bg5 a5 18. Bxf6 Bxf6 19. Qc5 a4 20. Bd1 Rfc8 21. Qb6
Ra6 22. Qxb5 Qxb5 23. Nxb5 Ra5 24. Nc3 1/2-1/2